000
00332nam a22001457a 4500
008
210518b ||||| |||| 00| 0 eng d
020
_a
9781308917214
041
_a
eng
080
_a
330.722.6
082
_a
330.722.6
100
_a
62
101
_a
KM
245
_a
Accounting for Managers Part 2
_c
Heidi Meier
942
_2
udc
_c
BK
999
_c
57390
_d
57390